[Event "Ricany op"]
[Site "Ricany"]
[Date "2023.08.26"]
[Round "1"]
[White "Rajnys, Vladimir"]
[Black "Gacho, Ondrej"]
[Result "1/2-1/2"]
[WhiteElo "2025"]
[BlackElo "1659"]
[PlyCount "38"]
[EventDate "2023.08.26"]
[EventType "swiss"]
[EventRounds "9"]
[EventCountry "CZE"]
[SourceTitle "EXT 2024"]
[Source "ChessBase"]
[SourceDate "2023.10.10"]
[SourceVersion "1"]
[SourceVersionDate "2023.10.10"]
[SourceQuality "1"]

1. e4 c5 2. Nc3 Nc6 3. g3 d6 4. Bg2 e5 5. d3 Nf6 6. f4 Bg4 7. Nf3 Nd4 8. h3 Nxf3+ 9. Bxf3 Bxf3 10. Qxf3 Qd7 11. Bd2 Be7 12. f5 h6 13. g4 b5 14. 0-0-0 b4 15. Ne2 Qa4 16. Kb1 a5 17. h4 0-0-0 18. g5 hxg5 19. hxg5 Nd7 1/2-1/2

[Event "Ricany op 20th"]
[Site "Ricany"]
[Date "2022.09.02"]
[Round "8"]
[White "Gacho, Ondrej"]
[Black "Vavrinec, Tomas"]
[Result "0-1"]
[WhiteElo "1517"]
[BlackElo "1911"]
[PlyCount "70"]
[EventDate "2022.08.27"]
[EventType "swiss"]
[EventRounds "9"]
[EventCountry "CZE"]
[SourceTitle "CBM 210 Extra"]
[Source "ChessBase"]
[SourceDate "2022.11.30"]
[SourceVersion "1"]
[SourceVersionDate "2022.11.30"]
[SourceQuality "1"]

1. e4 e6 2. d4 d5 3. Nc3 Bb4 4. e5 c5 5. Bd2 cxd4 6. Nb5 Bf8 7. Nf3 Nc6 8. Nbxd4 Qb6 9. Nb3 Nge7 10. Be3 Qc7 11. Bd4 Nf5 12. c3 Bd7 13. Bd3 Nfxd4 14. cxd4 Nb4 15. 0-0 Nxd3 16. Qxd3 Be7 17. Rfc1 Qd8 18. Nc5 b6 19. Na6 Rc8 20. Rc3 Rxc3 21. Qxc3 0-0 22. Nb4 Qb8 23. Nd3 Rc8 24. Qd2 Bb5 25. Nfe1 Rc4 26. Qe3 Qc8 27. Rc1 h6 28. Qd2 Bg5 29. f4 Rxc1 30. Nxc1 Qc4 31. Kf2 Bxf4 32. Qxf4 Qf1+ 33. Kg3 Qxe1+ 34. Kh3 g5 35. Qf6 Qh4# 0-1

[Event "Prague Golden op 14th"]
[Site "Prague"]
[Date "2018.07.02"]
[Round "3"]
[White "Gacho, Ondrej"]
[Black "Nemecek, Lukas"]
[Result "0-1"]
[WhiteElo "1337"]
[BlackElo "1651"]
[PlyCount "64"]
[EventDate "2018.06.30"]
[EventType "swiss"]
[EventRounds "9"]
[EventCountry "CZE"]
[SourceTitle "CBM 185 Extra"]
[Source "ChessBase"]
[SourceDate "2018.07.29"]
[SourceVersion "1"]
[SourceVersionDate "2018.07.29"]
[SourceQuality "1"]

1. c4 f5 2. Nc3 e6 3. Nf3 Nf6 4. g3 c6 5. Bg2 d5 6. cxd5 cxd5 7. d3 Nc6 8. 0-0 Bd6 9. Be3 a6 10. a3 0-0 11. Qd2 Bd7 12. Bg5 Rc8 13. Bf4 Qe7 14. d4 Bxf4 15. Qxf4 Ne4 16. Qc1 Na5 17. Qe1 Nxc3 18. bxc3 Rc7 19. Qd2 Nb3 20. Qb2 Nxa1 21. Rxa1 Rfc8 22. Rc1 b5 23. Ne5 Be8 24. Bf1 a5 25. e3 b4 26. axb4 axb4 27. c4 dxc4 28. Bxc4 Bb5 29. Qb3 Bxc4 30. Rxc4 Rxc4 31. Nxc4 Qb7 32. Nd6 Rc1+ 0-1